000 01051cam a22002771i 4500
003 SA_RiAUC
005 20250506045631.0
008 250423s2006____su g 000 0bara c
020 _z996047142
040 _aSA-MaUQU
_bara
_cSA-RiAUC
_erda
082 0 4 _a239.4
_qSA-RiAUC
090 _a239.4
_bخ و ن
100 1 _aخوندنة، سراج بن عمر
_eمؤلف.
245 1 2 _aالقول المبين في هجرة طه الأمين /
_cسراج بن عمر خوندنة.
250 _aالطبعة الأولى.
264 1 _aمكة المكرمة :
_bسراج بن عمر خوندنة،
_c2006
300 _a59 صفحة ؛
_c22 سم
336 _aنص
_btxt
_2rdacontent
_3كتاب
337 _aبدون وسيط
_bn
_2rdamedia
338 _aمجلد
_bnc
_2rdacarrier
600 0 7 _aمحمد (صلى الله عليه وسلم)،
_d53 قبل الهجرة-11 هجري
_2aucnm
650 7 _aهجرة الرسول
_2aucsh
650 7 _aالسيرة النبوية
_2aucsh
942 _2ddc
_cBOOK
_n0
949 _aSA-JeALM
_d250423
_umohamedma123
_n1
999 _c7620
_d7620